000 00656nam a2200205 a 4500
005 20140310183557.0
008 111119s19uu xx 00 eng d
020 _a9789810698775
050 _aTK 5105.543
_b.G73 2008
100 _aGraziani, Rick
245 _aRouting protocols and concepts :
_bCCNA exploration companion guide /
_cRick Graziani, Allan Johnson.
260 _aIndiana, USA :
_bCISCO Press,
_c2008.
300 _a606 p. :
_bill. ;
_c23 cm.
521 _aIT
650 _aRouters (Computer networks)
650 _aRouting protocols (Computer networks protocols)
700 _aJohnson, Allan
942 _cBK
_2lcc
_kFOR
999 _c25046
_d25046